000 00505nam a2200181Ia 4500
005 20250508153519.0
008 008 250505s9999 xx 000 0 eng d
037 _aBooks to be hide in OPAC
040 _aFEDL
_beng
_cFEDL
041 _aeng
_2eng
084 _a420, BAI/O
_qFEDL
245 0 _aTeacher's guide. English grade 5
260 _aNew York, USA
_bAmerican Book Company
_c1948
300 _a44p.
546 _aWeeded out
942 _cHB
_h420, BAI/O
999 _c1343415
_d1343415